<?xml version="1.0" encoding="UTF-8"?><?xml-stylesheet type="text/xsl" href="static/style.xsl"?><OAI-PMH xmlns="http://www.openarchives.org/OAI/2.0/" xmlns:xsi="http://www.w3.org/2001/XMLSchema-instance" xsi:schemaLocation="http://www.openarchives.org/OAI/2.0/ http://www.openarchives.org/OAI/2.0/OAI-PMH.xsd"><responseDate>2026-04-17T14:44:41Z</responseDate><request verb="GetRecord" identifier="oai:www.recercat.cat:10230/61244" metadataPrefix="marc">https://recercat.cat/oai/request</request><GetRecord><record><header><identifier>oai:recercat.cat:10230/61244</identifier><datestamp>2025-12-19T20:29:51Z</datestamp><setSpec>com_2072_6</setSpec><setSpec>col_2072_452954</setSpec></header><metadata><record xmlns="http://www.loc.gov/MARC21/slim" xmlns:dcterms="http://purl.org/dc/terms/" xmlns:xsi="http://www.w3.org/2001/XMLSchema-instance" xmlns:doc="http://www.lyncode.com/xoai" xsi:schemaLocation="http://www.loc.gov/MARC21/slim http://www.loc.gov/standards/marcxml/schema/MARC21slim.xsd">
   <leader>00925njm 22002777a 4500</leader>
   <datafield ind2=" " ind1=" " tag="042">
      <subfield code="a">dc</subfield>
   </datafield>
   <datafield ind2=" " ind1=" " tag="720">
      <subfield code="a">Campos Vives, Mar</subfield>
      <subfield code="e">author</subfield>
   </datafield>
   <datafield ind2=" " ind1=" " tag="260">
      <subfield code="c">2024-09-26T13:01:12Z</subfield>
   </datafield>
   <datafield ind2=" " ind1=" " tag="260">
      <subfield code="c">2024-09-26T13:01:12Z</subfield>
   </datafield>
   <datafield ind2=" " ind1=" " tag="260">
      <subfield code="c">2024-05-29</subfield>
   </datafield>
   <datafield ind2=" " ind1=" " tag="520">
      <subfield code="a">Treball de Fi de Grau en Dret. Curs 2023-2024</subfield>
   </datafield>
   <datafield ind2=" " ind1=" " tag="520">
      <subfield code="a">Tutor: Angel José Rodrigo Hernández</subfield>
   </datafield>
   <datafield ind2=" " ind1=" " tag="520">
      <subfield code="a">En noviembre de 2019, Gambia, como presidente de la Organización de Cooperación Islámica, presentó una demanda contra Myanmar ante la Corte Internacional de Justicia, alegando violaciones de la Convención sobre el Genocidio por “actos adoptados, cometidos y consentidos por el Gobierno de Myanmar contra miembros del grupo rohingyá”. En enero de 2020, la Corte impuso medidas provisionales para proteger a los rohingyá y preservar las pruebas de un posible genocidio a la espera de una sentencia definitiva. El 22 de julio de 2022, el Tribunal se declaró competente para conocer del caso presentado por Gambia en virtud del artículo IX de la Convención sobre el Genocidio.&#xd;
Los rohingyá no mantienen vínculos de territorialidad ni de nacionalidad con Gambia, lo que hace de este Estado un Estado no directamente perjudicado y explica la excepcionalidad del caso. El papel de los mecanismos jurídicos internacionales, como el Proyecto de Artículos sobre la Responsabilidad Internacional del Estado elaborado por la Comisión de Derecho Internacional, la doble naturaleza de las normas violadas (erga omnes y erga omnes partes) y la jurisdicción de la Corte Internacional de Justicia se presentan como factores clave para comprender las conclusiones de la Corte, que este trabajo examinará en detalle.</subfield>
   </datafield>
   <datafield tag="653" ind2=" " ind1=" ">
      <subfield code="a">Treball de fi de grau – Curs 2023-2024</subfield>
   </datafield>
   <datafield tag="653" ind2=" " ind1=" ">
      <subfield code="a">Dret internacional (Gambia)</subfield>
   </datafield>
   <datafield tag="653" ind2=" " ind1=" ">
      <subfield code="a">Dret internacional (Myanmar)</subfield>
   </datafield>
   <datafield ind2="0" ind1="0" tag="245">
      <subfield code="a">Ius standi y jurisdicción en el asunto Gambia c. Myanmar ante la Corte Internacional de Justicia</subfield>
   </datafield>
</record></metadata></record></GetRecord></OAI-PMH>